000 00300nam a22001337a 4500
008 180313b xxu||||| |||| 00| 0 eng d
020 _a0130224189
041 _aeng
080 _a004
100 _a28
101 _aSHK
245 _aAlgorithms+Data Structures=Programs
_cWirth,N
942 _2udc
_cBK
999 _c44842
_d44842